MARC

LEADER 00000nam0a2200000 4500
001 170269
005 20231031163654.0
035 |a (RuTPU)RU\TPU\book\184664 
090 |a 170269 
100 |a 20091120d1977 k y0rusy50 ca 
101 0 |a rus 
102 |a UZ 
105 |a a z 001zy 
200 1 |a Действие радиации на изоляционные материалы  |f Академия наук Узбекской ССР (АН УзССР), Институт ядерной физики (ИЯФ) ; под ред. Ш. А. Вахидова 
210 |a Ташкент  |d 1977  |c Фан 
215 |a 96 с.  |c ил. 
320 |a Библиогр. в конце ст. 
610 1 |a изоляционные материалы 
610 1 |a радиация 
610 1 |a кристаллическая решетка 
610 1 |a диэлектрики 
610 1 |a разрушение 
610 1 |a радиационная стойкость 
610 1 |a ионизирующее излучение 
610 1 |a керамические материалы 
610 1 |a гамма-излучения 
610 1 |a электропроводность 
675 |a 621.315.612  |v 3 
702 1 |a Вахидов  |b Ш. А.  |4 340 
712 0 2 |a Академия наук Узбекской ССР (АН УзССР)  |b Институт ядерной физики (ИЯФ)  |2 stltpush  |3 (RuTPU)RU\TPU\col\11486 
801 1 |a RU  |b 63413507  |c 20091120 
801 2 |a RU  |b 63413507  |c 20230109  |g RCR 
942 |c BK